Guess The US State by a President Born There - Statistics

General Stats
  • This quiz has been taken 10 times
  • The average score is 12 of 15
Answer Stats
Hint Answer % Correct
Barack Obama Hawaii
100%
Abraham Lincoln Kentucky
100%
John F. Kennedy Massachussetts
100%
Donald Trump New York
100%
James Madison Virginia
100%
William Howard Taft Ohio
90%
Jimmy Carter Georgia
90%
Harry Truman Missouri
90%
Ronald Reagan Illinois
80%
Andrew Jackson South Carolina
70%
Calvin Coolidge Vermont
70%
Franklin Pierce New Hampshire
60%
Gerald Ford Nebraska
50%
Grover Cleveland New Jersey
50%
Dwight D Eisenhower Texas
50%
No matching quizzes found
Score Distribution
Percent of People with Each Score
Percentile by Number Answered
Your Score History
You have not taken this quiz